Ernesto Tornquist & C° Limitada (1874-1924) (Registro nro. 383)
[ vista simple ]
| 000 -LEADER | |
|---|---|
| campo de control de longitud fija | 01042nam a2200217Ia 4500 |
| 001 - NÚMERO DE CONTROL | |
| campo de control | 383 |
| 003 - IDENTIFICADOR DE NÚMERO DE CONTROL | |
| campo de control | AR-BaAGN |
| 005 - FECHA Y HORA DE LA ÚLTIMA TRANSACCIÓN | |
| campo de control | 20231103124728.0 |
| 007 - CAMPO FIJO DE DESCRIPCIÓN FÍSICA--INFORMACIÓN GENERAL | |
| campo de control de longitud fija | ta |
| 008 - DATOS DE LONGITUD FIJA--INFORMACIÓN GENERAL | |
| campo de control de longitud fija | 211206s9999 xx 000 0 spa d |
| 040 ## - FUENTE DE CATALOGACIÓN | |
| Centro catalogador/agencia de origen | AR-BaAGN |
| Lengua de catalogación | español |
| Normas de descripción | aacr |
| 942 ## - ELEMENTOS DE ENTRADA SECUNDARIOS (KOHA) | |
| Tipo de ítem Koha | Libro |
| 245 00 - MENCIÓN DEL TÍTULO | |
| Título | Ernesto Tornquist & C° Limitada (1874-1924) |
| 260 ## - PUBLICACIÓN, DISTRIBUCIÓN, ETC. | |
| Lugar de publicación, distribución, etc. | Buenos Aires : |
| Nombre del editor, distribuidor, etc. | [editor no identificado], |
| Fecha de publicación, distribución, etc. | 1924. |
| 300 ## - DESCRIPCIÓN FÍSICA | |
| Extensión | 1 volumen |
| 336 ## - TIPO DE CONTENIDO | |
| Fuente | rdacontent |
| Código de tipo de contenido | texto |
| 337 ## - TIPO DE MEDIO | |
| Fuente | rdamedia |
| Código del tipo de medio | no mediado |
| 338 ## - TIPO DE SOPORTE | |
| Fuente | rdacarrier |
| Código del tipo de soporte | volumen |
| 501 ## - ENCUADERNADO CON | |
| Nota | Número 1 de 8 obras encuadernadas juntas. Encuadernado con: Los tobas: su ubicación geográfica, idioma y costumbres -- Rasgos biográficos del primer gobernador constitucional de Buenos Aires Dr. Pastor Obligado -- Una conmemoración a bordo de la “Richmond” -- Una Fundación de Mitre: la Junta de Historia y Numismática Americana -- Homenaje rendido al Sr. Coronel Sebastián N. Casares -- Centenario de la Carta de Mayo (1825 -15 de julio- 1925) -- Homenaje a Bartolomé Mitre (1821 -26 de junio- 1921). |
| Estado de retiro | Estado de pérdida | Fuente del sistema de clasificación o colocación | Estado de conservación | Biblioteca actual | Ubicación en estantería | Signatura topográfica completa | Código de barras | Tipo de ítem Koha |
|---|---|---|---|---|---|---|---|---|
| Clasificación Decimal Dewey | Biblioteca del Archivo General de la Nación | José Juan Biedma - Biblioteca | JJB 700 | JJB-700 | Folleto |
